| 000 | 00777nam a22002537a 4500 | ||
|---|---|---|---|
| 999 |
_c3421 _d3421 |
||
| 001 | 13906 | ||
| 003 | BD-DhUAP | ||
| 005 | 20200305093536.0 | ||
| 008 | 200305t20062004ii a|||| |||| 001 0 eng d | ||
| 020 | _a0070583773 | ||
| 040 |
_aBD-DhUAP _bEng _cBD-DhUAP _dBD-DhUAP |
||
| 082 |
_223 _a621.31042 KOT |
||
| 100 | _aKothari, D. P. | ||
| 245 |
_aElectric machines / _cD. P. Kothari and I. J. Nagrath. |
||
| 250 | _a3rd ed. | ||
| 260 |
_aNew Delhi : _bTata McGraw-Hill, _c©2004 [Reprinted 2006]. |
||
| 300 |
_a834 pages : _billustrations ; _c24 cm. |
||
| 490 | _aElectrical Engineering Series | ||
| 504 | _aIncludes bibliographical references and index. | ||
| 650 | _aElectric machinery. | ||
| 650 | _aElectric transformers. | ||
| 700 | _aNagrath, I. J. | ||
| 942 |
_2ddc _cBK |
||